[Event "1st Archibald 2019"]
[Site "Sochi"]
[Date "2019.05.16"]
[Round "6.22"]
[White "Zakaryan, David"]
[Black "Yarikov, Artem"]
[Result "1-0"]
[WhiteElo "2350"]
[BlackElo "1619"]
[Annotator "TA"]
[PlyCount "271"]
[EventDate "2019.05.12"]
[EventType "swiss"]
[EventCountry "RUS"]
[SourceTitle "playchess.com"]
[Source "ChessBase"]
[SourceQuality "1"]

{[%evp 15,270,2,1,-1,-12,-22,0,-26,0,0,0,-32,0,0,23,32,31,8,9,16,61,80,114,112,141,44,44,54,89,93,142,101,118,65,71,66,64,62,98,97,89,94,127,0,0,-21,-14,-42,-50,-37,-26,-33,-2,-10,-4,-8,0,-48,-18,-163,-148,-191,0,-91,-92,-87,-91,-95,-85,-158,-150,-137,0,-315,-193,-179,-150,-139,0,0,0,0,0,0,0,0,0,0,0,-3,0,0,0,-183,0,0,0,0,0,0,0,0,8,8,8,8,8,8,8,8,22,8,8,8,8,8,8,8,8,8,8,8,8,8,8,8,8,8,8,8,8,8,8,8,8,8,8,8,8,8,35,8,11,11,20,8,8,0,0,0,8,8,8,8,8,8,8,8,8,8,8,8,8,0,0,0,0,0,8,0,8,0,0,0,8,8,0,0,8,8,8,8,8,8,8,8,8,0,8,0,8,8,8,8,8,8,8,8,8,8,8,8,8,8,8,8,8,8,8,8,8,0,0,0,8,8,8,8,8,0,8,0,0,0,0,0,0,0,8,0,0,0,0,0,0,0,0,0,0,0,0,0,0,0,0,0,0,0,0,0,0,0,0,0,29998,29999,29999]} 1. e4 c6 2. d4 d5 3. exd5 cxd5 4. Bd3 Nf6 5. h3 Nc6 6. c3 g6 7. Nf3 Bf5 8. Bxf5 gxf5 9. Bf4 {B13: Caro-Kann: Exchange Variation and Panov-Botvinnik Attack} e6 10. Ne5 Nxe5 (10... Bd6 {looks sharper.} 11. Nxc6 bxc6 12. Bxd6 Qxd6 13. Nd2 Rg8) (10... Rg8 11. O-O Bd6 12. Nd2 Qc7 13. Re1 O-O-O 14. Rc1 Bxe5 15. Rxe5 Qd7 16. Re1 Rg6 {0-1 (46) Malakhov,V (2686)-Esipenko,A (2564) Riadh 2017}) 11. Bxe5 {The position is equal.} Bd6 $146 ({Predecessor:} 11... Rg8 12. O-O Ne4 13. Qa4+ Qd7 14. Qxd7+ Kxd7 15. f3 Nd6 16. Nd2 Bh6 {1-0 (39) Slapikas,V (2329)-Klimciauskas,D (2138) Vilnius 2008}) 12. Qa4+ Kf8 13. g4 fxg4 14. hxg4 Bxe5 15. dxe5 Ne4 16. Qb4+ Qe7 17. f3 Nc5 18. Qd4 Nd7 19. Nd2 Qc5 20. O-O-O (20. Qf4 $16) 20... Qxd4 $14 21. cxd4 Kg7 22. f4 f6 23. Nf3 Raf8 24. Rh5 (24. f5 $16) 24... fxe5 $1 25. Rg5+ Kf7 26. dxe5 Rc8+ 27. Kb1 h6 28. Rh5 Rc4 29. f5 ({White should try} 29. Nd4 $16) 29... Rxg4 $11 30. Rdh1 exf5 31. Rxh6 Rxh6 32. Rxh6 {[%mdl 4096] Endgame e6+ is the strong threat. KRN-KRN} Ke7 33. Kc2 Rg2+ 34. Kc1 Rf2 35. Ng5 Nc5 36. Rh7+ Ke8 37. Rh3 (37. Kd1 $11) 37... Rf1+ $19 38. Kc2 Rf2+ $2 ({Better is} 38... d4 $1 $19 39. Rh2 Kd7) 39. Kd1 (39. Kc1 $1 $11) 39... Rxb2 $17 40. Rh8+ Kd7 41. Rh7+ Kc6 42. Rh6+ {[#]} Kc7 $1 43. Rh7+ {[#]} Kc6 (43... Kb6 $1 $17 44. Rh6+ Kc7 45. Rh7+ Kd8 46. Nf7+ Ke7 47. Ng5+ Ke8 48. Rh8+ Kd7 49. Rh7+ Kc6 50. Rh6+ Kc7) 44. Nf7 $2 {[%mdl 8192]} (44. Rh6+ $11 {and White has nothing to worry.} Kb5 45. Rd6) 44... Rxa2 {White must now prevent ...d4.} 45. Nd8+ Kb6 46. e6 Nxe6 (46... Rg2 $17 {Hoping for ...Rg8.} 47. e7 Rg8) 47. Nxe6 {KRN-KR} a5 48. Nd8 Rg2 49. Rxb7+ Ka6 50. Rb3 a4 51. Rb4 Rg4 52. Rb7 a3 53. Rb3 Ra4 {( -> ...a2)} (53... a2 $5 54. Ra3+ $8 {[%mdl 64] Double Attack} Kb5 55. Rxa2 Rg1+ 56. Kc2 Rg2+ 57. Kb3 Rxa2 58. Kxa2 d4 $11) 54. Rb1 $2 (54. Nc6 $11 {and White is okay.}) 54... Rg4 $2 (54... a2 $19 55. Ra1 Kb5) 55. Kc2 $11 Rg2+ 56. Kc3 a2 57. Ra1 Kb6 58. Ne6 Rf2 59. Nd4 Kc5 60. Nb3+ Kd6 61. Nd2 Ke5 62. Rxa2 {And now Nc4+! would win.} Rf4 63. Ra6 Rf2 64. Kd3 f4 65. Rg6 Kf5 66. Rd6 Ke5 67. Rd8 d4 68. Rg8 Kd5 69. Rg5+ Ke6 70. Ne4 Ra2 71. Nd2 Kf6 72. Rg2 {Strongly threatening Ne4+.} Ra3+ 73. Ke4 Ra4 74. Nf3 d3+ 75. Nd4 Ra3 76. Rb2 Kf7 77. Nf3 Ra4+ 78. Kf5 Ke7 79. Rd2 Ra3 80. Ne5 f3 81. Nxf3 Kd6 82. Ne5 {Threatens to win with Nc4+.} Kc7 83. Ke4 Ra4+ 84. Kd5 Ra5+ 85. Kd4 Ra3 86. Nc4 Ra8 87. Kc5 Rh8 88. Ne3 Rh3 89. Rxd3 Rh1 90. Rd2 Rh7 91. Nd5+ (91. Nd1 {looks sharper.} Rh5+ 92. Kd4 Rh4+ 93. Ke5 Rh5+ 94. Ke4) 91... Kc8 92. Rc2 Kb8 93. Kb5 Rh5 94. Rc5 Rh7 95. Nb6 Kb7 96. Nc4 Kb8 97. Nd6 Rc7 98. Rh5 Ka7 99. Rh8 Rc1 100. Rh7+ Kb8 $1 101. Rh8+ (101. Rb7+ {keeps more tension.} Ka8 102. Re7 Kb8 103. Kb6 Rb1+ 104. Nb5) 101... Ka7 102. Rh7+ Kb8 $1 103. Rd7 (103. Kb6 {is interesting.} Rb1+ 104. Nb5 Kc8 105. Rh8+ Kd7 106. Rg8) 103... Rc7 104. Rd8+ Ka7 105. Rg8 Rc1 106. Rg7+ Kb8 $1 107. Rb7+ Ka8 108. Rd7 Kb8 $1 109. Kb6 Rb1+ 110. Nb5 {[%cal Rd7d8]} Kc8 111. Rd2 Rb4 112. Kc5 Rh4 113. Kc6 {Intending Nd6+ and mate.} Rc4+ 114. Kb6 {White threatens Na7+ and mate.} Rb4 115. Rd1 Rb2 116. Rd4 Rb1 117. Rd2 Rb4 118. Kc5 Rh4 119. Nd6+ (119. Na3 {seems wilder.} Rh5+ 120. Kd4 Rh4+ 121. Ke5 Rh5+ 122. Kf6) 119... Kc7 120. Ne8+ Kc8 121. Rd5 Rg4 122. Nf6 Rg6 (122... Rg1 {with more complications.} 123. Rh5 Rg6 124. Ne4 Kc7 125. Kd4 Rg2) 123. Ne4 Rg4 124. Re5 Kc7 125. Nf6 Rg6 126. Re7+ Kd8 127. Re8+ (127. Rf7 {is more complex.} Rg2 128. Rf8+ Kc7 129. Rf7+ Kd8) 127... Kc7 128. Nd5+ Kb7 129. Re7+ Kb8 130. Nb4 {Threatening mate with Nc6+.} Kc8 131. Nd5 Kb8 132. Re1 Kb7 133. Rb1+ Ka7 134. Ne7 {White wants to mate with Nc6+.} Rg2 $2 {[%mdl 8192]} (134... Rg5+ $11 135. Kc6 Ka6) 135. Nc6+ Ka6 136. Rb6# {Accuracy: White = 54%, Black = 59%.} 1-0

[Event "1st Archibald 2019"]
[Site "Sochi"]
[Date "2019.05.17"]
[Round "7.1"]
[White "Alekseev, Evgeny"]
[Black "Bogdanovich, Stanislav"]
[Result "1/2-1/2"]
[WhiteElo "2647"]
[BlackElo "2581"]
[Annotator "TA"]
[PlyCount "206"]
[EventDate "2019.05.12"]
[EventType "swiss"]
[EventCountry "RUS"]
[SourceTitle "playchess.com"]
[Source "ChessBase"]
[SourceQuality "1"]

{[%evp 9,206,27,28,24,23,0,33,4,8,0,10,0,17,0,0,0,-6,-18,-19,-31,-6,-21,-20,-29,-10,-13,-10,-9,0,0,0,0,0,0,0,0,0,0,0,-8,-8,-25,0,0,0,0,0,0,26,0,0,0,0,0,0,-2,-2,-4,0,0,0,0,0,0,0,0,0,-8,0,0,0,0,0,-41,0,-8,0,-45,-45,-57,-16,-33,-31,-57,-56,-56,-26,-38,-24,-26,-27,-34,-8,-32,-26,-57,-57,-57,-57,-57,-57,-57,-56,-57,-57,-57,-57,-57,-57,-57,-57,-57,-57,-57,-57,-57,-57,-57,-57,-65,-65,-65,-65,-65,-65,-65,-65,-65,-65,-65,-64,-64,-64,-64,-57,-57,-56,-49,-16,-14,-12,-57,-57,-57,-57,-57,-26,-27,-41,-57,-57,-57,-57,-57,-64,-64,-12,-47,-39,-66,-8,-8,0,0,0,0,0,0,0,0,0,0,0,0,0,0,0,0,0,0,0,0,0,-8,0,0,0,0,0,0,0,0,0,0,0,0,0,0,0]} 1. e4 d6 2. d4 Nf6 3. Bd3 e5 4. c3 Nbd7 (4... d5 5. dxe5 Nxe4 6. Nf3 Nc5 7. Bc2 Bg4 8. O-O Be7 9. Bf4 Ne6 10. Bg3 O-O 11. Nbd2 Bh5 12. Qb1 Bg6 13. Rd1 c6 14. Nf1 {1-0 (62) Melkumyan,H (2668)-Shimanov,A (2620) Saint Louis 2018}) 5. Nf3 d5 6. Nxe5 {B07: Pirc Defence: Miscellaneous Systems} dxe4 7. Nxd7 Bxd7 8. Be2 {White is slightly better.} Bd6 9. Nd2 $146 ({Predecessor:} 9. Na3 Bxa3 10. bxa3 O-O 11. O-O Bf5 12. Rb1 {0-1 (33) Armand,L (1800)-Fleury,F (1800) France AJEC 2004}) 9... b5 10. a4 a6 11. axb5 axb5 12. Rxa8 Qxa8 13. O-O O-O 14. Nb3 Rd8 15. Bg5 Qd5 16. Bh4 Bc6 17. Na5 Ba8 18. Qb3 Qxb3 19. Nxb3 Bd5 20. Na1 c6 21. Nc2 Ra8 22. Ne3 Be6 23. Bxf6 gxf6 24. g4 Bf4 25. Rb1 Kg7 26. Bd1 {[#]} h5 $1 {[%mdl 512]} 27. Bc2 (27. gxh5 f5) 27... hxg4 28. Bxe4 Rh8 29. Nf1 Bd5 (29... Rc8 {keeps more tension.} 30. Ng3 Kh6 31. Ra1 Kg5 32. Ra6 Bd7) 30. Bxd5 cxd5 $11 {[%mdl 4096] Endgame KRB-KRN} 31. Ra1 Kg6 32. Ra6 Rb8 33. Ng3 Bc1 34. Ne2 Bg5 35. Rd6 b4 36. Rxd5 bxc3 37. bxc3 f5 38. Kg2 f4 {[#] ...f3+ is the strong threat.} 39. f3 Rb2 40. Re5 f5 41. d5 Bf6 (41... Rd2 $5 {[%cal Rg5h4]}) 42. Re6 Kf7 43. Kf2 Bxc3 {Threatens to win with ...Bd4+.} 44. Kf1 Bd2 (44... Rb1+ {feels hotter.} 45. Kg2 Bd2 46. Re5 Kf6 47. Re6+ Kg5) 45. fxg4 fxg4 {Hoping for ...Rb1+.} 46. Nxf4 Bxf4 {KRB-KR} 47. Re4 Bxh2 {Strongly threatening ...g3.} (47... Bd6 {looks sharper.} 48. Rxg4 Kf6 49. Rg2 Rb3 50. h4 Ke5) 48. Rxg4 Kf6 49. Rg2 Rb1+ 50. Ke2 Bf4 51. Rg8 Ke5 52. Re8+ Kxd5 53. Kf3 Bd6 54. Rd8 Re1 55. Ra8 Re7 56. Rd8 Re6 57. Ra8 Rf6+ 58. Ke2 $1 Bc5 59. Kd3 Rf3+ 60. Ke2 Rh3 61. Rd8+ Kc4 62. Re8 Bd4 63. Rc8+ Kd5 64. Rd8+ Ke4 65. Re8+ Be5 66. Re7 Rh2+ 67. Ke1 Ra2 68. Re8 Kd4 69. Kf1 Bf4 70. Re2 Ra3 71. Kg2 Be3 72. Kf3 Rb3 73. Ra2 Kd3 74. Ra8 Bd4 75. Re8 Rb1 76. Kg4 Rf1 77. Kg5 Bf6+ 78. Kg6 Kd4 79. Rf8 Ke5 $1 80. Re8+ Kd5 81. Re2 Rf3 82. Ra2 Bd4 (82... Be5 $15) 83. Ra6 Ke4 84. Ra2 Rg3+ ({Better is} 84... Rf6+ $15 85. Kh7 Kf5 86. Ra5+ Be5) 85. Kf7 $1 {The position is equal.} Kf5 86. Ke7 Be5 87. Kd7 $1 Rc3 88. Ra7 Rd3+ 89. Kc6 Ke6 90. Rh7 Rc3+ 91. Kb5 Kd5 92. Rh5 Rc1 93. Rg5 Rb1+ 94. Ka5 Kd4 95. Ka6 Bd6 96. Rb5 Ra1+ 97. Kb7 Bc5 98. Kc6 Ra6+ 99. Kb7 Rh6 100. Kc8 Kd5 {( -> ...Kc6)} 101. Rb7 Rg6 102. Kc7 Bd6+ 103. Kd7 Rh6 {Accuracy: White = 65%, Black = 57%.} 1/2-1/2

[Event "1st Archibald 2019"]
[Site "Sochi"]
[Date "2019.05.17"]
[Round "7.2"]
[White "Aleksandrov, Aleksej"]
[Black "Martinovici, Ilie"]
[Result "1-0"]
[WhiteElo "2603"]
[BlackElo "2367"]
[Annotator "TA"]
[PlyCount "61"]
[EventDate "2019.05.12"]
[EventType "swiss"]
[EventCountry "RUS"]
[SourceTitle "playchess.com"]
[Source "ChessBase"]
[SourceQuality "1"]

{[%evp 9,61,40,52,20,41,41,43,34,41,35,38,37,63,57,82,53,147,157,161,128,134,135,150,144,145,142,179,177,164,111,157,148,188,176,237,227,258,239,289,289,404,389,654,654,649,639,588,545,545,544,537,537,930,894]} 1. c4 f5 2. Nf3 Nf6 3. Nc3 e6 4. Qc2 (4. g3 Be7 5. Bg2 O-O 6. O-O d6 7. d4 Qe8 8. Re1 Ne4 9. Qc2 Qg6 10. Be3 Nxc3 11. Qxc3 Nc6 12. Rad1 Bf6 13. Qc1 e5 14. dxe5 dxe5 15. Bc5 Re8 16. b4 b6 17. Be3 f4 18. Bd2 Bf5 {0-1 (55) Yilmaz,M (2636)-Amin,B (2710) St Petersburg 2018}) 4... d5 5. d4 c6 6. cxd5 {A10: English Opening: Unusual Replies for Black} exd5 7. Bf4 Be7 8. e3 {White is slightly better.} O-O 9. h3 Ne4 10. Bd3 Qa5 11. O-O Be6 12. a3 $146 (12. Na4 {looks sharper.} g5 13. Bh2 Nd7 14. a3 Nb6 15. Nc3) ({Predecessor:} 12. Ne5 Nd7 13. f3 Nxe5 14. Bxe5 Nxc3 15. bxc3 c5 16. g4 {1-0 (27) Bronstein,L (2380)-Melamedoff,G Acasusso 1994}) 12... Nxc3 ({Better is} 12... Qd8 $14) 13. bxc3 $16 ({Don't take} 13. Qxc3 Qd8 $16) 13... Qd8 14. Rfb1 b6 15. c4 dxc4 16. Bxc4 Bxc4 17. Qxc4+ Qd5 18. Qxd5+ cxd5 19. Ne5 (19. Rb5 $18) 19... g5 {[#]} 20. Bh2 $1 Rc8 21. Rb5 Bxa3 {[#]} (21... Nc6 {was necessary.} 22. Rxd5 Nxe5) 22. g4 $1 $18 Be7 23. gxf5 a5 24. Rxb6 a4 25. Rb7 Bd8 $2 (25... Re8 26. f4 Bd8) 26. Ng4 {White is clearly winning.} Nc6 27. f6 h5 28. Nh6+ Kh8 29. Be5 Nxe5 30. dxe5 Rc7 31. Rxc7 {Played: Nh6-f7} 1-0

[Event "1st Archibald 2019"]
[Site "Sochi"]
[Date "2019.05.17"]
[Round "7.3"]
[White "Stupak, Kirill"]
[Black "Kotsur, Pavel"]
[Result "1-0"]
[WhiteElo "2551"]
[BlackElo "2527"]
[Annotator "ChessBase"]
[PlyCount "87"]
[EventDate "2019.05.12"]
[EventType "swiss"]
[EventCountry "RUS"]
[SourceTitle "playchess.com"]
[Source "ChessBase"]
[SourceQuality "1"]
[TimeControl "5400+30"]

1. d4 {[%emt 0:06:18]} Nf6 {[%emt 0:00:00]} 2. c4 {[%emt 0:02:19]} e6 {[%emt 0:00:00]} 3. Nf3 {[%emt 0:00:03]} d5 {[%emt 0:01:45]} 4. Bg5 {[%emt 0:04:52]} Bb4+ {[%emt 0:04:26]} 5. Nbd2 {[%emt 0:00:05]} O-O {[%emt 0:09:13]} 6. e3 {[%emt 0:00:56]} Nbd7 {[%emt 0:07:11]} 7. Qc2 {[%emt 0:04:10]} h6 {[%emt 0:05:12]} 8. Bh4 {[%emt 0:01:48]} c5 {[%emt 0:20:26]} 9. dxc5 {[%emt 0:13:45]} dxc4 {[%emt 0:11:01]} 10. c6 {[%emt 0:11:27]} bxc6 {[%emt 0:05:33]} 11. Bxc4 {[%emt 0:00:00]} Be7 {[%emt 0:01:01]} 12. O-O {[%emt 0:03:10]} c5 {[%emt 0:00:04]} 13. Rfd1 {[%emt 0:06:22]} Nd5 {[%emt 0:04:20]} 14. Bg3 {[%emt 0:08:29]} Bb7 {[%emt 0:01:57]} 15. Be2 {[%emt 0:03:22]} Qc8 {[%emt 0:04:30]} 16. Nc4 {[%emt 0:01:23]} Ba6 {[%emt 0:00:47]} 17. Rac1 {[%emt 0:03:52]} Rd8 {[%emt 0:01:04]} 18. a3 {[%emt 0:00:56]} Qb7 {[%emt 0:04:05]} 19. Rd2 {[%emt 0:11:26]} Bb5 {[%emt 0:03:16]} 20. Rcd1 {[%emt 0:07:02]} Qa6 {[%emt 0:00:44]} 21. Bf1 {[%emt 0:01:17]} Rac8 {[%emt 0:03:39]} 22. e4 {[%emt 0:00:01]} N5b6 {[%emt 0:01:32]} 23. Bd6 {[%emt 0:04:03]} Bf6 {[%emt 0:02:24]} 24. Nxb6 {[%emt 0:01:28]} Nxb6 {[%emt 0:00:06]} 25. Bxb5 {[%emt 0:01:03]} Qxb5 {[%emt 0:00:00]} 26. e5 {[%emt 0:00:00]} Bg5 {[%emt 0:00:07]} 27. Nxg5 {[%emt 0:01:06]} hxg5 {[%emt 0:00:02]} 28. Rd3 {[%emt 0:00:17]} Qa4 {[%emt 0:01:29]} 29. Qe2 {[%emt 0:01:31]} Nd5 {[%emt 0:02:17]} 30. Be7 {[%emt 0:00:01]} Rd7 {[%emt 0:03:16]} 31. Bxg5 {[%emt 0:00:02]} Nf4 {[%emt 0:01:35]} 32. Bxf4 {[%emt 0:00:36]} Rxd3 {[%emt 0:00:04]} 33. Rxd3 {[%emt 0:00:00]} Qxf4 {[%emt 0:00:07]} 34. g3 {[%emt 0:00:54]} Qf5 {[%emt 0:00:13]} 35. Kg2 {[%emt 0:00:42]} c4 {[%emt 0:00:53]} 36. Rc3 {[%emt 0:01:44]} Qb1 {[%emt 0:00:03]} 37. Qc2 {[%emt 0:01:04]} Qa1 {[%emt 0:00:27]} 38. Qc1 {[%emt 0:00:40]} Qa2 {[%emt 0:00:08]} 39. b3 {[%emt 0:00:00]} Rc5 {[%emt 0:01:38]} 40. Rxc4 {[%emt 0:00:40]} Rxe5 {[%emt 0:00:00]} 41. Rh4 {[%emt 0:01:01]} f5 {[%emt 0:01:56]} 42. Qc8+ {[%emt 0:00:00]} Kf7 {[%emt 0:00:01]} 43. Qc7+ {[%emt 0:00:35]} Kf6 {[%emt 0:00:00]} 44. Rh7 {[%emt 0:00:11]} 1-0

[Event "1st Archibald 2019"]
[Site "Sochi"]
[Date "2019.05.17"]
[Round "7.4"]
[White "Esipenko, Andrey"]
[Black "Tsydypov, Zhamsaran"]
[Result "1-0"]
[WhiteElo "2620"]
[BlackElo "2546"]
[Annotator "TA"]
[PlyCount "65"]
[EventDate "2019.05.12"]
[EventType "swiss"]
[EventCountry "RUS"]
[SourceTitle "playchess.com"]
[Source "ChessBase"]
[SourceQuality "1"]

{[%evp 17,65,30,27,18,25,25,51,51,44,38,78,90,82,101,94,89,103,85,85,85,85,85,85,82,114,118,183,184,243,242,243,237,239,228,266,266,266,262,361,343,534,535,571,566,556,514,558,516,672,662]} 1. d4 d5 2. c4 c6 3. Nf3 Nf6 4. e3 Bf5 5. Nc3 e6 6. Nh4 Bg4 7. Qb3 Qb6 8. h3 Bh5 9. g4 Bg6 10. Nxg6 {D12: Slav Defence: 3 Nf3 Nf6 4 e3 Bf5} hxg6 11. g5 Ne4 12. Nxe4 {Strongly threatening Ng3.White is slightly better.} dxe4 13. h4 Bb4+ $146 ({Predecessor:} 13... Qxb3 14. axb3 f5 15. gxf6 gxf6 16. c5 f5 17. Bc4 Kf7 {0-1 (51) Pilaj,H (2426)-Westerinen,H (2365) Solingen 2005}) 14. Ke2 Nd7 15. Bg2 f5 16. gxf6 $1 Nxf6 17. Qc2 Qa5 18. Bxe4 Nxe4 19. Qxe4 {[%mdl 64] Double Attack} Qf5 20. f3 Qxe4 21. fxe4 g5 {[#]} (21... Be7 $16 22. Bd2 Rxh4) 22. h5 $1 $18 g6 {[#]} (22... O-O {was necessary.} 23. a3 Be7) 23. Bd2 $1 Bxd2 24. hxg6 {[%mdl 64] Discovered Attack} ({Not} 24. Kxd2 Rxh5 25. Rhg1 Ke7 $16) 24... Ke7 25. Kxd2 {[%mdl 4096] Endgame KRR-KRR} Kf6 26. Rh7 Kxg6 27. Rxb7 Rh2+ 28. Kd3 Rf8 (28... Rhh8 $142 29. e5 Rh7) 29. Re7 {White is clearly winning.} Rff2 30. Rxe6+ Kf7 31. Rxc6 Rd2+ 32. Kc3 Rxb2 {intending ...Rhc2+.} 33. e5 {Accuracy: White = 100%, Black = 37%.} 1-0

[Event "1st Archibald 2019"]
[Site "Sochi"]
[Date "2019.05.17"]
[Round "7.5"]
[White "Bocharov, Dmitry"]
[Black "Khalifman, Alexander"]
[Result "1/2-1/2"]
[WhiteElo "2530"]
[BlackElo "2616"]
[Annotator "TA"]
[PlyCount "28"]
[EventDate "2019.05.12"]
[EventType "swiss"]
[EventCountry "RUS"]
[SourceTitle "playchess.com"]
[Source "ChessBase"]
[SourceQuality "1"]

{[%evp 27,28,0,0]} 1. d4 Nf6 2. c4 e6 3. g3 d5 4. Nf3 Be7 5. Bg2 O-O 6. O-O dxc4 7. Qa4 a6 8. Qxc4 b5 9. Qc2 Bb7 10. Bd2 Be4 11. Qc1 Bb7 $146 ({Predecessor:} 11... c6 12. Rd1 Nbd7 13. Nc3 Bg6 14. a3 Rc8 15. b4 Nd5 16. Be1 Qc7 17. e3 h6 18. Qb2 N5b6 19. Qe2 {½-½ (31) Yu,Y (2751)-Giri,A (2797) Shenzhen 2019}) 12. Qc2 Be4 13. Qc1 Bb7 14. Qc2 Be4 1/2-1/2

[Event "1st Archibald 2019"]
[Site "Sochi"]
[Date "2019.05.17"]
[Round "7.6"]
[White "Oganian, Miran"]
[Black "Volkov, Sergey"]
[Result "0-1"]
[WhiteElo "2415"]
[BlackElo "2572"]
[Annotator "ChessBase"]
[PlyCount "132"]
[EventDate "2019.05.12"]
[EventType "swiss"]
[EventCountry "RUS"]
[SourceTitle "playchess.com"]
[Source "ChessBase"]
[SourceQuality "1"]
[TimeControl "5400+30"]

1. d4 {[%emt 0:15:08]} d5 {[%emt 0:00:00]} 2. c4 {[%emt 0:00:00]} c6 {[%emt 0:00:00]} 3. Nf3 {[%emt 0:00:07]} Nf6 {[%emt 0:00:00]} 4. Nc3 {[%emt 0:00:03]} a6 {[%emt 0:00:12]} 5. a4 {[%emt 0:00:00]} e6 {[%emt 0:00:09]} 6. Bg5 {[%emt 0:00:00]} a5 {[%emt 0:00:12]} 7. e3 {[%emt 0:00:06]} h6 {[%emt 0:00:12]} 8. Bh4 {[%emt 0:01:51]} Be7 {[%emt 0:00:16]} 9. Be2 {[%emt 0:01:13]} O-O {[%emt 0:00:16]} 10. Qb3 {[%emt 0:01:07]} Nbd7 {[%emt 0:02:02]} 11. O-O {[%emt 0:04:36]} b6 {[%emt 0:01:49]} 12. cxd5 {[%emt 0:06:37]} exd5 {[%emt 0:01:34]} 13. Rac1 {[%emt 0:03:21]} Bb7 {[%emt 0:00:44]} 14. Rfd1 {[%emt 0:00:00]} Rc8 {[%emt 0:01:22]} 15. Qc2 {[%emt 0:02:48]} Re8 {[%emt 0:01:59]} 16. Bd3 {[%emt 0:00:36]} Ne4 {[%emt 0:03:54]} 17. Bxe4 {[%emt 0:05:19]} Bxh4 {[%emt 0:00:32]} 18. Bh7+ {[%emt 0:03:46]} Kh8 {[%emt 0:00:17]} 19. Nxh4 {[%emt 0:05:16]} Qxh4 {[%emt 0:00:20]} 20. Bf5 {[%emt 0:00:17]} Qd8 {[%emt 0:00:27]} 21. e4 {[%emt 0:09:55]} Re7 {[%emt 0:05:30]} 22. exd5 {[%emt 0:10:16]} cxd5 {[%emt 0:02:09]} 23. Qb3 {[%emt 0:00:57]} g6 {[%emt 0:04:56]} 24. Bh3 {[%emt 0:02:15]} Rc4 {[%emt 0:07:24]} 25. Nxd5 {[%emt 0:00:41]} Bxd5 {[%emt 0:00:10]} 26. Rxc4 {[%emt 0:00:40]} Nf6 {[%emt 0:07:20]} 27. Qc2 {[%emt 0:01:54]} Bxc4 {[%emt 0:00:45]} 28. Qxc4 {[%emt 0:00:00]} Rc7 {[%emt 0:00:58]} 29. Qb3 {[%emt 0:00:57]} Nd5 {[%emt 0:01:04]} 30. g3 {[%emt 0:00:08]} Nb4 {[%emt 0:00:38]} 31. Bf1 {[%emt 0:04:38]} Kg8 {[%emt 0:09:51]} 32. Bb5 {[%emt 0:00:33]} Qd6 {[%emt 0:00:21]} 33. Qe3 {[%emt 0:01:14]} h5 {[%emt 0:03:12]} 34. Qe5 {[%emt 0:03:16]} Qd8 {[%emt 0:00:13]} 35. Re1 {[%emt 0:01:11]} Kh7 {[%emt 0:01:19]} 36. Qf4 {[%emt 0:01:28]} Nd5 {[%emt 0:01:58]} 37. Qf3 {[%emt 0:00:10]} Nf6 {[%emt 0:01:24]} 38. Rd1 {[%emt 0:07:04]} Qd6 {[%emt 0:01:39]} 39. b3 {[%emt 0:00:57]} Kg7 {[%emt 0:00:25]} 40. Bc4 {[%emt 0:01:19]} Re7 {[%emt 0:00:34]} 41. Bb5 {[%emt 0:03:48]} Ne4 {[%emt 0:04:12]} 42. h4 {[%emt 0:00:52]} Qb4 {[%emt 0:01:33]} 43. Bc4 {[%emt 0:01:42]} Nd6 {[%emt 0:02:24]} 44. Qd5 {[%emt 0:01:06]} Re6 {[%emt 0:04:16]} 45. Bf1 {[%emt 0:01:22]} Rf6 {[%emt 0:05:17]} 46. Rd3 {[%emt 0:00:20]} Rf5 {[%emt 0:01:28]} 47. Qc6 {[%emt 0:00:34]} Qe1 {[%emt 0:02:49]} 48. Rf3 {[%emt 0:01:27]} Ne4 {[%emt 0:07:38]} 49. Rxf5 {[%emt 0:00:03]} gxf5 {[%emt 0:00:05]} 50. Qc2 {[%emt 0:00:12]} Nd2 {[%emt 0:02:15]} 51. Qd3 {[%emt 0:00:07]} Kf6 {[%emt 0:04:00]} 52. Qe2 {[%emt 0:01:28]} Qxe2 {[%emt 0:01:00]} 53. Bxe2 {[%emt 0:00:00]} Nxb3 {[%emt 0:00:00]} 54. d5 {[%emt 0:01:24]} Nc5 {[%emt 0:03:34]} 55. Bb5 {[%emt 0:00:48]} Ke5 {[%emt 0:00:01]} 56. Bc6 {[%emt 0:00:07]} Ne4 {[%emt 0:02:05]} 57. Kg2 {[%emt 0:00:52]} Nf6 {[%emt 0:00:14]} 58. f4+ {[%emt 0:00:24]} Kd6 {[%emt 0:00:13]} 59. Kf3 {[%emt 0:00:00]} Nxd5 {[%emt 0:00:16]} 60. Be8 {[%emt 0:00:34]} Ke6 {[%emt 0:00:26]} 61. Ke2 {[%emt 0:00:31]} Nc3+ {[%emt 0:00:16]} 62. Kf3 {[%emt 0:00:41]} Ke7 {[%emt 0:02:35]} 63. Bc6 {[%emt 0:00:01]} b5 {[%emt 0:02:06]} 64. Ke3 {[%emt 0:00:26]} bxa4 {[%emt 0:00:21]} 65. Kd4 {[%emt 0:00:42]} Ne2+ {[%emt 0:00:44]} 66. Kc4 {[%emt 0:00:47]} a3 {[%emt 0:00:10]} 0-1